The Big Book of Real Analysis
Bewaard in:
| Hoofdauteur: | |
|---|---|
| Formaat: | Boek |
| Gepubliceerd in: |
Springer
|
| Tags: |
Geen labels, Wees de eerste die dit record labelt!
|
MARC
| LEADER | 00000nam a2200000Ia 4500 | ||
|---|---|---|---|
| 005 | 20260513122053.0 | ||
| 020 | |a 9783031308314 | ||
| 100 | |a Johar | ||
| 365 | |c € | ||
| 365 | |b 28.00 | ||
| 942 | |c BK | ||
| 245 | |a The Big Book of Real Analysis | ||
| 260 | |b Springer | ||
| 999 | |c 89 |d 89 | ||
| 952 | |0 0 |1 0 |4 0 |7 0 |a UNSW |b UNSW |d 2026-05-06 |g 99.99 |i 16688 |l 0 |p 000113 |r 2026-05-13 12:20:53 |v 99.99 |w 2026-05-13 |y BK | ||